Elogio del maestro cristiano: discurso de agradecimiento a Orígenes

Gespeichert in:
Bibliographische Detailangaben
1. Verfasser: Gregorio Taumaturgo (VerfasserIn)
Format: Buch
Sprache:Spanisch
Veröffentlicht: Madrid Ciudad Nueva 1994
Ausgabe:2a. ed
Schriftenreihe:Biblioteca de Patrística, 10
Schlagworte:
Tags: Tag hinzufügen
Keine Tags, Fügen Sie den ersten Tag hinzu!

MARC

LEADER 00000nam a2200000 a 4500
001 UCO8729
003 CL-VaPUC
008 001221e19940000SP |||||||||||||||||spa|d
082 0 4 |a 281  |b GRE  |2 21 
100 0 |a Gregorio Taumaturgo  |e author  |9 453573 
245 1 0 |a Elogio del maestro cristiano: discurso de agradecimiento a Orígenes 
250 |a 2a. ed 
300 |a 174 p 
942 |c BK 
945 |d 20001221 00:00:00  |a vberengu 
260 |a Madrid  |b Ciudad Nueva  |c 1994 
650 0 |a Patrística  |9 322007 
650 0 |a Padres de la Iglesia  |9 313352 
650 0 |a Educación  |9 258661 
650 0 |a Cristianismo  |9 257361 
650 0 |a Patrología  |9 349346 
583 |a last modification  |c 20001221 00:00:00  |k Rodrigo Vera 
490 0 |a Biblioteca de Patrística, 10 
999 |c 293198  |d 293196 
952 |0 0  |1 0  |4 0  |6 281_000000000000000_GRE_1994  |7 0  |8 A  |9 344538  |a BIBTEO  |b BIBTEO  |d 2019-11-20  |i 3678318  |l 1  |o 281 GRE 1994  |p 3678318  |r 2024-11-19  |s 2024-11-05  |w 2019-11-20  |y BK  |k ICR